|
|
|
|
| LEADER |
00000nab a2200000 a 4500 |
| 001 |
vtls008416046 |
| 003 |
SK-MaSNL |
| 005 |
20260304134924.0 |
| 008 |
250505c2005 xo 0 slo |
| 015 |
|
|
|a SNBCL2005/5
|
| 035 |
|
|
|a SLK034171
|
| 035 |
|
|
|a urn:nbn:sk:snk-ab6zih
|
| 035 |
|
|
|a (uuid)ed4de0fc-9597-4039-8d39-951ceeb086c2
|
| 035 |
|
|
|a (urnnbn)urn:nbn:sk:snk:ar-a06co4
|
| 035 |
|
|
|a (sysno)vtls008416046
|
| 040 |
|
|
|a SNKBUCL
|b slo
|c SNKBUCL
|e AACR2
|
| 041 |
0 |
|
|a slo
|
| 044 |
|
|
|a xo
|c SK
|
| 080 |
|
|
|a 159.922.7:028.6
|2 1981
|
| 100 |
1 |
|
|a Kováčová, Barbora,
|d 1975-
|4 aut
|9 213679
|
| 245 |
1 |
0 |
|a Z rozprávky do rozprávky alebo príprava dieťaťa na rozvoj čitateľských zručností
|n 2.
|c Barbora Kováčová
|
| 300 |
|
|
|b Obr.
|
| 650 |
0 |
7 |
|a čítanie
|2 snkbucl
|9 1654
|
| 650 |
0 |
7 |
|a deti
|2 snkbucl
|9 773
|
| 650 |
0 |
7 |
|a rodinná výchova
|2 snkbucl
|9 66934
|
| 650 |
0 |
7 |
|a rozprávky
|2 snkbucl
|9 75941
|
| 650 |
0 |
7 |
|a psychológia dieťaťa
|2 MESH
|9 1793
|
| 773 |
0 |
|
|t Dieťa nielen pre rodičov
|g Roč. 11, č. 7-8 (2005), s. 22-23
|x 1335-0919
|
| 850 |
|
|
|a Slovenská národná knižnica
|
| 852 |
|
|
|a Slovenská národná knižnica
|
| 954 |
|
|
|a odborná, vedecká literatúra pôvodná (slovenská)
|2 lita
|
| 958 |
|
|
|a article27
|
| 958 |
|
|
|a OND
|
| 958 |
|
|
|a EUIPO
|
| 999 |
|
|
|c 2908697
|d 2910627
|